| 000 | 00442nam a2200181Ia 4500 | ||
|---|---|---|---|
| 005 | 20240627015856.0 | ||
| 008 | 240331s9999 xx 000 0 und d | ||
| 020 | _a041508301X | ||
| 082 |
_a100 _bRUS |
||
| 100 | _aRussell, B | ||
| 245 | 4 | _aThe basic writings of Bertrand Russell | |
| 260 |
_aLondon _bRoutledge _c1961 |
||
| 300 | _a736 p ., | ||
| 650 | _aReligion | ||
| 650 | _aPhilosophy | ||
| 650 | _aInternational relations | ||
| 942 | _cL | ||
| 999 |
_c705 _d705 |
||